Role of muslims in the freedom movement of India: (Record no. 12157)

MARC details
000 -LEADER
fixed length control field 00753 a2200193 4500
010 ## - LIBRARY OF CONGRESS CONTROL NUMBER
LC control number ENG-90132
020 ## - INTERNATIONAL STANDARD BOOK NUMBER
Terms of availability 200.00 (app)
035 ## - SYSTEM CONTROL NUMBER
System control number EN-73665
037 ## - SOURCE OF ACQUISITION
Source of stock number/acquisition DBAD / PUB
082 14 - DEWEY DECIMAL CLASSIFICATION NUMBER
Classification number 954.0842
090 ## - LOCALLY ASSIGNED LC-TYPE CALL NUMBER (OCLC); LOCAL CALL NUMBER (OCLC)
-- 12517
-- 12517
111 1# - MAIN ENTRY--MEETING NAME
Meeting name or jurisdiction name as entry element National seminar on the role of Muslims in the freedom movement of India
Location of meeting Aligarh
Date of meeting 2005
245 1# - TITLE STATEMENT
Title Role of muslims in the freedom movement of India:
Remainder of title seminar papers/
Statement of responsibility, etc edited by Abdul Ali [and] Zafarul Islam
260 ## - PUBLICATION, DISTRIBUTION, ETC. (IMPRINT)
Place of publication, distribution, etc Aligarh
Name of publisher, distributor, etc Institute of Islamic studies Aligarh Muslim University
Date of publication, distribution, etc 2007
300 ## - PHYSICAL DESCRIPTION
Extent ii, 235p.
Dimensions 22 cm. (Hb)
700 ## - ADDED ENTRY--PERSONAL NAME
Personal name Zafarul Islam
942 ## - ADDED ENTRY ELEMENTS (KOHA)
Institution code [OBSOLETE] dpl
Koha item type English Books
Call number prefix 954.0842 / ROL
Holdings
Withdrawn status Lost status Source of classification or shelving scheme Damaged status Not for loan Collection code Home library Current library Cost, normal purchase price Total Checkouts Full call number Barcode Date last seen Copy number Uniform Resource Identifier Cost, replacement price Price effective from Koha item type
    Dewey Decimal Classification   Not For Loan Non-fiction D.B.Act.Division D.B.Act.Division 200.00   954.0842 NAT EN-73665 15/09/2008 1 13318 200.00 15/09/2008 English Books

© Delhi Public Library
Hit Counter
free hit counter